[Event "SVR op"]
[Site "Lahnstein"]
[Date "2019.04.13"]
[Round "1"]
[White "Xu, Denis"]
[Black "Klemens, Martina"]
[Result "1-0"]
[WhiteElo "1111"]
[BlackElo "1529"]
[PlyCount "79"]
[EventDate "2019.04.13"]
[EventType "swiss"]
[EventRounds "7"]
[EventCountry "GER"]
[SourceTitle "EXT 2021"]
[Source "ChessBase"]
[SourceDate "2020.10.23"]
[SourceVersion "1"]
[SourceVersionDate "2020.10.23"]
[SourceQuality "1"]

1. e4 c5 2. Nf3 e6 3. c3 d6 4. d4 cxd4 5. cxd4 Nf6 6. Nc3 a6 7. Bd3 Be7 8. 0-0 Nbd7 9. Re1 0-0 10. Bf4 Re8 11. Bxd6 Qb6 12. Bxe7 Rxe7 13. Qb3 Qxb3 14. axb3 b5 15. Nxb5 Ne8 16. e5 Nb6 17. Nc3 Nc7 18. Rec1 Bb7 19. Na4 Nbd5 20. Be4 Rb8 21. Nc5 Bc8 22. Bd3 Nf4 23. Ne1 Nxd3 24. Nexd3 f6 25. Ra4 Bd7 26. Nxd7 Rxd7 27. Nc5 Rd5 28. exf6 g6 29. Rcc4 Kf7 30. Rcb4 Rxb4 31. Rxb4 Nb5 32. Nxa6 Nxd4 33. Rb7+ Kxf6 34. g3 h5 35. Nc7 Nf3+ 36. Kg2 Ne1+ 37. Kf1 Re5 38. Ne8+ Kf5 39. Nd6+ Kg4 40. Rb4+ 1-0